Fire Emblem: Awakening Characters - Statistics

General Stats
  • This quiz has been taken 228 times
  • The average score is 13 of 15
Answer Stats
Hint Answer % Correct
Captain of the Shepherds, and one of the main characters Chrom
100%
Owner of the Parallel Falchion, and daughter to the Captain Lucina
99%
Default name of the personal character Robin
98%
Sister to the Captain Lissa
96%
The Captain's deputy, often seen as a leader figure Frederick
95%
The only dancer in the game Olivia
93%
A member of the Shepherds who often loses his axe Vaike
89%
The other sister of the Captain, dies to save her brother and his army Emmeryn
88%
The main antagonist, a giant dragon that can only be sealed for 1000 years Grima
88%
The current Head-Khan of Ferox Flavia
83%
The "Mad King," kills the Captain's sister to attempt to get the Fire Emblem Gangrel
83%
The Leader of the Divine Dragons, gives the power to kill the main antagonist to the protagonists Naga
80%
The "Mad King's" subordinate, is the main antagonist's "adopted" daughter, and uses dark magic Aversa
79%
The Emperor of Valm, attempts to take over Ylisse only to be stopped by the Captain Walhart
78%
Leader of the Grimleal, is one of the main antagonists and the father of the personal character Validar
72%
No matching quizzes found
Score Distribution
Percent of People with Each Score
Percentile by Number Answered
Your Score History
You have not taken this quiz